[Event "Open It Up"]
[Site "SchemingMind.com"]
[Date "2014.11.20"]
[Round "-"]
[White "kenneth m day"]
[Black "grabapawn"]
[Result "1-0"]
[WhiteCountry "USA"]
[BlackCountry "USA"]
[WhiteElo "1712"]
[WhiteRD "48"]
[BlackElo "1570"]
[BlackRD "59"]
[GameID "369261"]

1. e4 e5 2. f4 Nc6 3. Nc3 Nf6 4. Nf3 Bc5 5. fxe5 Ng4 6. d4 Bb6 7. Bg5 f6 8. exf6 gxf6 9. Bh4 d6 10. Qd2 O-O
11. O-O-O Bd7 12. Qf4 Rf7 13. Bc4 Qf8 14. Bxf7+ Qxf7 15. h3 h5 16. hxg4 Bxg4 17. Nd5 Ba5 18. Nxf6+ Kg7 19. Qg5+ Qg6 20. Nxg4 Qxg5+
21. Bxg5 hxg4 22. Nh4 Rf8 23. Nf5+ Kg6 24. Be3 Kf7 25. Rh7+ Ke8 26. Rf1 a6 27. Ng7+
1-0

[Event "Open It Up"]
[Site "SchemingMind.com"]
[Date "2014.11.25"]
[Round "-"]
[White "grabapawn"]
[Black "smothered mate"]
[Result "0-1"]
[WhiteCountry "USA"]
[BlackCountry "POL"]
[WhiteElo "1535"]
[WhiteRD "61"]
[BlackElo "1962"]
[BlackRD "66"]
[GameID "369270"]

1. e4 e5 2. f4 Bc5 3. Nf3 d6 4. f5 Nc6 5. c3 Qe7 6. d4 exd4 7. cxd4 Qxe4+ 8. Be2 Nxd4 9. Nxd4 Bxd4 10. Rf1 Qh4+
11. Kd2 Nf6 12. h3 Ne4+ 13. Kc2 Qf6 14. Qd3 Nc5 15. Qb5+ Bd7 16. Qb4 Bxf5+ 17. Kd1 a5 18. Qd2 g6 19. Qg5 Qxg5 20. Bxg5 Bxb2
21. Bb5+ c6 22. Be2 Ne6 23. Nd2 Bxa1 24. Bh4 O-O 25. g4 Nd4 26. gxf5 Nxf5 27. Bg5 Rfe8 28. Nb3 Bc3 29. Nd2 h6 30. Bf4 g5
31. Bh2 Ne3+
0-1

[Event "Open It Up"]
[Site "SchemingMind.com"]
[Date "2014.11.25"]
[Round "-"]
[White "smothered mate"]
[Black "grabapawn"]
[Result "1-0"]
[WhiteCountry "POL"]
[BlackCountry "USA"]
[WhiteElo "1962"]
[WhiteRD "66"]
[BlackElo "1535"]
[BlackRD "61"]
[GameID "369271"]

1. e4 e5 2. f4 d5 3. exd5 Nf6 4. Nc3 e4 5. d3 Bf5 6. dxe4 Nxe4 7. Qe2 Bb4 8. Bd2 Qe7 9. Nxe4 Nd7 10. Bxb4 Qxb4+
11. Nd2+ Qe7 12. Qxe7+ Kxe7 13. O-O-O Rhe8 14. Ngf3 h6 15. Bb5 c6 16. dxc6 bxc6 17. Bxc6 Rac8 18. Rhe1+ Kf8 19. Rxe8+ Kxe8 20. Bxd7+ Kxd7
21. Nb3+ Ke7 22. Nbd4 Bd7 23. Ne5 Be8 24. Nf5+ Kf6 25. g4 Bd7 26. Rxd7 Re8 27. Rxf7+ Ke6 28. Rd7
1-0

[Event "Open It Up"]
[Site "SchemingMind.com"]
[Date "2014.11.25"]
[Round "-"]
[White "Don Vito"]
[Black "smothered mate"]
[Result "1-0"]
[WhiteCountry "VEN"]
[BlackCountry "POL"]
[WhiteElo "1879"]
[WhiteRD "83"]
[BlackElo "1887"]
[BlackRD "63"]
[GameID "369272"]

1. e4 e5 2. f4 Bc5 3. Nf3 d6 4. Nc3 c6 5. Na4 exf4 6. Nxc5 dxc5 7. Bc4 Nf6 8. d3 b5 9. Bb3 O-O 10. Bxf4 c4
11. dxc4 Nxe4 12. O-O Qb6+ 13. Qd4 bxc4 14. Bxc4 Rd8 15. Qxb6 axb6 16. Ne5 Nd6 17. Nxf7 Nxf7 18. Bc7 Rf8 19. Bd6 Ra7 20. Bxb8 Rd7
21. Rad1 Rxd1 22. Rxd1 Bg4 23. Rd4 Rxb8 24. Rxg4 b5 25. Bb3 c5 26. Bd5 Rd8 27. c4 bxc4 28. Bxc4 Rd4 29. Rxd4 cxd4 30. Kf2 Kf8
31. Bxf7
1-0

[Event "Open It Up"]
[Site "SchemingMind.com"]
[Date "2014.11.25"]
[Round "-"]
[White "smothered mate"]
[Black "Don Vito"]
[Result "0-1"]
[WhiteCountry "POL"]
[BlackCountry "VEN"]
[WhiteElo "1962"]
[WhiteRD "66"]
[BlackElo "1822"]
[BlackRD "85"]
[GameID "369273"]

1. e4 e5 2. f4 exf4 3. Nf3 g5 4. h4 g4 5. Ne5 Nf6 6. Bc4 d5 7. exd5 Bd6 8. d4 O-O 9. Bxf4 Nh5 10. Bh6 Ng3
11. Nc3 Nxh1 12. Ne4 Qxh4+ 13. g3 Nxg3
0-1

[Event "Open It Up"]
[Site "SchemingMind.com"]
[Date "2014.11.25"]
[Round "-"]
[White "David Hartley"]
[Black "smothered mate"]
[Result "1/2-1/2"]
[WhiteCountry "ENG"]
[BlackCountry "POL"]
[WhiteElo "1813"]
[WhiteRD "60"]
[BlackElo "1887"]
[BlackRD "63"]
[GameID "369274"]

1. e4 e5 2. f4 Bc5 3. Nf3 d6 4. c3 Qe7 5. Qe2 Nf6 6. d4 exd4 7. cxd4 Bb4+ 8. Bd2 a5 9. Bxb4 axb4 10. Nbd2 Bg4
11. Qd3 Nbd7 12. Be2 c5 13. O-O Rd8 14. dxc5 dxc5 15. Qc2 O-O 16. Rf2 Rfe8 17. e5 Nd5 18. Ng5 f5 19. exf6 N7xf6 20. Bxg4 Ne3
21. Be6+ Qxe6 22. Nxe6 Nxc2 23. Nxd8 Nxa1 24. Nxb7 Nc2 25. Nxc5 Ng4 26. Rf1 Re2 27. h3 Nge3 28. Rf2 Re1+ 29. Nf1 Nd4 30. Nd3 Ne2+
31. Kh1 Rxf1+ 32. Rxf1 Nxf1 33. Nxb4 Nxf4 34. a4 Ne3 35. Nc6 Nc4 36. b4 Nd5 37. a5 Nxb4 38. Nxb4 Nxa5 39. Kh2 Kf7 40. Kg3=
1/2-1/2

[Event "Open It Up"]
[Site "SchemingMind.com"]
[Date "2014.11.25"]
[Round "-"]
[White "smothered mate"]
[Black "David Hartley"]
[Result "1-0"]
[WhiteCountry "POL"]
[BlackCountry "ENG"]
[WhiteElo "1936"]
[WhiteRD "67"]
[BlackElo "1775"]
[BlackRD "67"]
[GameID "369275"]

1. e4 e5 2. f4 d5 3. exd5 e4 4. d3 Nf6 5. dxe4 Nxe4 6. Nf3 Bc5 7. Qe2 Bf5 8. Nc3 Qe7 9. Be3 Bb4 10. Bd4 O-O
11. O-O-O Re8 12. Ne5 Nxc3 13. Bxc3 Bxc3 14. bxc3 Nd7 15. g4 Bg6 16. Re1 Nxe5 17. fxe5 Qa3+ 18. Kb1 Qxc3 19. h4 h6 20. Rh3 Qc5
21. Bg2 Rab8 22. h5 Bh7 23. g5 hxg5 24. h6 g6 25. Re3 Kh8 26. e6 fxe6 27. Rxe6 Rxe6 28. Qxe6 Qf8 29. Qe5+
1-0

[Event "Open It Up"]
[Site "SchemingMind.com"]
[Date "2014.11.25"]
[Round "-"]
[White "Clive Everill"]
[Black "smothered mate"]
[Result "1/2-1/2"]
[WhiteCountry "CZE"]
[BlackCountry "POL"]
[WhiteElo "1691"]
[WhiteRD "57"]
[BlackElo "1887"]
[BlackRD "63"]
[GameID "369276"]

1. e4 e5 2. f4 Bc5 3. Nc3 d6 4. Nf3 Nf6 5. Bc4 O-O 6. d4 exd4 7. Nxd4 Bg4 8. Qd3 Nc6 9. Be3 Nb4 10. Qd2 Re8
11. Bd3 Bxd4 12. Bxd4 Nbd5 13. O-O Nxc3 14. Qxc3 Nxe4 15. Bxe4 Rxe4 16. Bxg7 d5 17. Bd4 b6 18. h3 Be2 19. Rf2 c5 20. Bf6 Qb8
21. Qd2 Qd6 22. Be5 Qg6 23. Rxe2 Rd8 24. Rxe4 Qxe4 25. Re1 Qg6 26. Qe2 h5 27. c3 f6 28. Bc7 Rd7 29. Bb8 Kh7 30. Qb5 Rg7
31. Qe2 Rd7 32. Qa6 Qg8 33. Bxa7 Qa8 34. Qxb6 Qxa7 35. Qxf6 c4+ 36. Kh2 Rf7 37. Qg5 Qf2 38. Qxh5+ Kg7 39. Qg5+ Kh7 40. Re5 Rxf4
41. Rxd5 Rf7 42. Qh5+ Kg7 43. Rg5+ Kf8 44. Qh6+ Ke8 45. Qe6+ Kf8 46. Qc8+ Ke7 47. Qc7+ Ke6 48. Qc6+ Ke7 49. Re5+ Kf8 50. Qe8+ Kg7
51. Rg5+ Kh6 52. Qe5 Re7 53. Qxe7 Qg1+ 54. Kg3 Qxg2+ 55. Kf4 Qf3+ 56. Ke5 Qd5+ 57. Kf6 Qf5+ 58. Rxf5
1/2-1/2

[Event "Open It Up"]
[Site "SchemingMind.com"]
[Date "2014.11.25"]
[Round "-"]
[White "smothered mate"]
[Black "Clive Everill"]
[Result "1-0"]
[WhiteCountry "POL"]
[BlackCountry "CZE"]
[WhiteElo "2001"]
[WhiteRD "72"]
[BlackElo "1688"]
[BlackRD "54"]
[GameID "369277"]

1. e4 e5 2. f4 exf4 3. Nf3 h6 4. h4 d5 5. exd5 Nf6 6. c4 Bg4 7. d4 Bb4+ 8. Nc3 O-O 9. Be2 Re8 10. O-O Nh5
11. Ne5 Bxe2 12. Nxe2 Qxh4 13. Bxf4 Nxf4 14. Rxf4 Qd8 15. Ng3 Bd6 16. Qh5 f6 17. Qf7+ Kh7 18. Nh5 Rg8 19. Qg6+
1-0

[Event "Open It Up"]
[Site "SchemingMind.com"]
[Date "2014.11.25"]
[Round "-"]
[White "smothered mate"]
[Black "Phillip Beckett"]
[Result "1-0"]
[WhiteCountry "POL"]
[BlackCountry "ENG"]
[WhiteElo "2001"]
[WhiteRD "72"]
[BlackElo "1567"]
[BlackRD "49"]
[GameID "369278"]

1. e4 e5 2. f4 Qh4+ 3. g3 Qe7 4. Nc3 exf4 5. Nd5 Qxe4+ 6. Qe2 Qxe2+ 7. Bxe2 Kd8 8. Nxf4 Bd6 9. d4 Nf6 10. Nf3 Re8
11. Nd3 c6 12. Nfe5 Bxe5 13. dxe5 Nd5 14. Bg5+ f6 15. exf6 Nxf6 16. Rf1 Rf8 17. O-O-O d5 18. Nf4 h6 19. Ng6 Re8 20. Bxf6+ gxf6
21. Bh5 Bh3 22. Rxf6 Nd7 23. Rf7 Kc7 24. Nf4 Be6 25. Rh7 Bf5 26. Rxh6 Re7 27. Rxd5 Be4 28. Rd1 Rd8 29. Re6 Rh7 30. Rxe4 Nf6
31. Ne6+
1-0

[Event "Open It Up"]
[Site "SchemingMind.com"]
[Date "2014.11.25"]
[Round "-"]
[White "Phillip Beckett"]
[Black "smothered mate"]
[Result "0-1"]
[WhiteCountry "ENG"]
[BlackCountry "POL"]
[WhiteElo "1567"]
[WhiteRD "49"]
[BlackElo "2001"]
[BlackRD "72"]
[GameID "369279"]

1. e4 e5 2. f4 Bc5 3. Nf3 d6 4. Bc4 Nf6 5. d3 O-O 6. Nc3 c6 7. fxe5 dxe5 8. Bg5 Nbd7 9. Qd2 h6 10. Bxf6 Qxf6
11. Rf1 Qd8 12. O-O-O Qb6 13. Qe2 Qa5 14. Bb3 Bd4 15. Qd2 Nc5 16. Kb1 Nxb3 17. axb3 Be6 18. Ne2 Qb6 19. Nexd4 exd4 20. h3 a5
21. Qf2 c5 22. Ne5 a4 23. bxa4 Rxa4 24. Ng6 Ba2+ 25. Kc1 Qxg6 26. b3 Ra7 27. Kb2 Qa6 28. Ra1 Qa3#
0-1

[Event "Open It Up"]
[Site "SchemingMind.com"]
[Date "2014.11.25"]
[Round "-"]
[White "smothered mate"]
[Black "kenneth m day"]
[Result "0-1"]
[WhiteCountry "POL"]
[BlackCountry "USA"]
[WhiteElo "1936"]
[WhiteRD "67"]
[BlackElo "1698"]
[BlackRD "51"]
[GameID "369280"]

1. e4 e5 2. f4 exf4 3. Nf3 g5 4. h4 g4 5. Ne5 d6 6. Nxg4 Nf6 7. Nf2 Rg8 8. d4 Bh6 9. Bc4 Nc6 10. Nc3 Rxg2
11. Qf3 Rg3 12. Qd1 Qe7 13. Nd5 Nxd5 14. Bxd5 Bd7 15. Qh5 Nxd4 16. Qxh6 O-O-O 17. Qxf4 Rdg8 18. Kd2 Rf3 19. Qh2 Rfg3 20. Kd1 Qf6
21. Bg5 Qf3+ 22. Kc1 Rg2 23. c3 Qxf2
0-1

[Event "Open It Up"]
[Site "SchemingMind.com"]
[Date "2014.11.25"]
[Round "-"]
[White "kenneth m day"]
[Black "smothered mate"]
[Result "0-1"]
[WhiteCountry "USA"]
[BlackCountry "POL"]
[WhiteElo "1769"]
[WhiteRD "52"]
[BlackElo "1845"]
[BlackRD "69"]
[GameID "369281"]

1. e4 e5 2. f4 Bc5 3. Nf3 d6 4. Nc3 c6 5. Bc4 Nf6 6. fxe5 dxe5 7. d3 Bg4 8. Qe2 Nbd7 9. Be3 Qe7 10. h3 Be6
11. O-O-O b5 12. Bxe6 fxe6 13. Rhf1 O-O 14. g4 a5 15. d4 exd4 16. Nxd4 Rfc8 17. g5 Ne8 18. Qg4 Ne5 19. Qf4 Ng6 20. Qg3 Nd6
21. Nce2 Nxe4 22. Qg4 Bxd4 23. Bxd4 Qxg5+ 24. Qxg5 Nxg5 25. Rh1 c5 26. Be3 Ne4 27. h4 c4 28. h5 Nf8 29. Rhg1 b4 30. Bd4 Rc7
31. Be5 Rf7 32. Rd4 Nc5 33. h6 Ng6 34. Bxg7 Rf2 35. Ng3 c3 36. bxc3 bxc3 37. Rc4 Na6 38. Rxc3 Nb4 39. Ne4 Rf4 40. Nf6+ Rxf6
41. Bxf6 Nxa2+ 42. Kb2 Nxc3 43. Bxc3 a4 44. Ka3 Kf7 45. Rg4 e5 46. Rxa4 Rc8 47. Kb3 Rc7 48. Rc4 Rb7+ 49. Bb4 Nf4 50. Kc3 Nd5+
51. Kb3 Kg6 52. c3 Kxh6 53. Re4 Nxb4 54. cxb4 Re7 55. b5 Kg5 56. Kc4 h5 57. b6 h4 58. Kd5 h3 59. Re2 Kg4 60. Kd6 Rh7
61. Kc6 h2 62. Rxh2 Rxh2 63. b7 Rb2
0-1